| 000 | 00517pam a2200157 a 4500 | ||
|---|---|---|---|
| 020 | _a0070150338 | ||
| 040 | _cDLC | ||
| 082 | 0 | 0 | _a973 HIL 1993 A100 Or. |
| 100 | 1 | _aBrinkley, Alan. | |
| 245 | 1 | 4 |
_aThe unfinished nation : _ba concise history of the American people / |
| 260 |
_aNew York : _bMcGraw-Hill, _cc1993. |
||
| 300 |
_a1 v. (various pagings) : _bill., col. maps ; _c23 cm. |
||
| 500 | _aAdaptation of: American history, a survey / by Alan Brinkley ... [et al.]. | ||
| 500 | _a"Overture books." | ||
| 942 | _cEK | ||
| 999 |
_c12852 _d12852 |
||